000 01067nam a22001817a 4500
999 _c59196
_d59196
003 Ge_BSU
005 20221213123037.0
008 221213s1980ge xxu||||| |||| 00| 0 geo d
041 _ageo
080 _a821.353.1-94 ფ-25
100 _aფანჯიკიძე, გურამ, ავტ.
_916118
245 _aიქ სადაც ცხოვრობდნენ ადამ და ევა :
_b[მოგზაურობის შთაბეჭდილებიდან ; ლიტერატურული ექსკურსიები ; დრო და პრობლემები] /
_cგურამ ფანჯიკიძე, რედ. რ. ორჯონიკიძე
264 _aთბილისი :
_bსაბჭ. საქართველო,
_c1980.
300 _a518 გვ. ;
_b20 სმ.
653 _aმოგზაურობა საზღვარგარეთის ქვეყნებში.
700 _aორჯონიკიძე, რ
_eრედაქტორი
_916381
942 _2udc
_cBK